[Event "Ville d'Orsay online Blitz"]
[Site "Europe Echecs INT"]
[Date "2021.02.07"]
[Round "9"]
[White "Aliyarli, Said"]
[Black "Rychener, Henri"]
[Result "1-0"]
[WhiteElo "1208"]
[BlackElo "2077"]
[PlyCount "53"]
[EventDate "2021.02.07"]
[EventType "swiss (blitz)"]
[EventRounds "11"]
[EventCountry "FRA"]
[SourceTitle "CBM 200 Extra"]
[Source "ChessBase"]
[SourceDate "2021.03.31"]
[SourceVersion "1"]
[SourceVersionDate "2021.03.31"]
[SourceQuality "1"]

1. d4 c6 2. c4 d5 3. e3 Nf6 4. Nf3 e6 5. Nc3 Bd6 6. a3 a5 7. Qc2 0-0 8. cxd5 exd5 9. Bd3 h6 10. 0-0 Re8 11. h3 Nbd7 12. Re1 Nf8 13. Bd2 Ne6 14. e4 dxe4 15. Nxe4 Nxe4 16. Bxe4 Nf4 17. Bxf4 Bxf4 18. Qe2 Bd7 19. Qd3 Qf6 20. Rad1 Rad8 21. Re2 Bc7 22. Rde1 Qf4 23. Ne5 Bxe5 24. dxe5 Bf5 25. Qc2 Rxe5 26. Bxf5 Rxf5 27. g4 1-0

[Event "Ville d'Orsay online Blitz"]
[Site "Europe Echecs INT"]
[Date "2021.02.07"]
[Round "4"]
[White "Rychener, Henri"]
[Black "Perolini, Cedric"]
[Result "1-0"]
[WhiteElo "2077"]
[BlackElo "1706"]
[PlyCount "101"]
[EventDate "2021.02.07"]
[EventType "swiss (blitz)"]
[EventRounds "11"]
[EventCountry "FRA"]
[SourceTitle "CBM 200 Extra"]
[Source "ChessBase"]
[SourceDate "2021.03.31"]
[SourceVersion "1"]
[SourceVersionDate "2021.03.31"]
[SourceQuality "1"]

1. e4 e5 2. Nf3 Nc6 3. Bc4 Bc5 4. c3 Nf6 5. d4 exd4 6. e5 Ng4 7. cxd4 Bb4+ 8. Bd2 Bxd2+ 9. Nbxd2 d5 10. Bd3 0-0 11. h3 Nh6 12. 0-0 Bf5 13. Nb3 f6 14. Nc5 b6 15. Bxf5 bxc5 16. Be6+ Kh8 17. dxc5 Nxe5 18. Bxd5 c6 19. Be4 Qxd1 20. Raxd1 Nhf7 21. Nd4 Rac8 22. f4 Nc4 23. Rfe1 Nxb2 24. Nxc6 Nc4 25. Bf3 g5 26. Re7 Kg7 27. Rxa7 gxf4 28. Ne7 Rcd8 29. Rxd8 Rxd8 30. Bd5 Ne3 31. Be6 Rd1+ 32. Kf2 Rd2+ 33. Kf3 Rxg2 34. Nf5+ Kg6 35. Rxf7 Nxf5 36. Rf8 Rg3+ 37. Kxf4 Kg7 38. Rf7+ Kg6 39. Bxf5+ Kxf7 40. Kxg3 Ke7 41. Kf4 Kd8 42. c6 Kc7 43. Bd7 h6 44. Kf5 Kd8 45. Kxf6 Kc7 46. Kg6 Kd8 47. Kxh6 Ke7 48. Kg6 Kf8 49. h4 Kg8 50. h5 Kh8 51. c7 1-0

[Event "Cappelle Online Blitz op 1st"]
[Site "Europe Echecs INT"]
[Date "2021.01.10"]
[Round "10"]
[White "Boumediene, Boucif"]
[Black "Rychener, Henri"]
[Result "1-0"]
[WhiteElo "1858"]
[BlackElo "2077"]
[PlyCount "53"]
[EventDate "2021.01.10"]
[EventType "swiss (blitz)"]
[EventRounds "11"]
[EventCountry "FRA"]
[SourceTitle "CBM 200 Extra"]
[Source "ChessBase"]
[SourceDate "2021.03.31"]
[SourceVersion "1"]
[SourceVersionDate "2021.03.31"]
[SourceQuality "1"]

1. e4 c6 2. d4 d5 3. Nc3 dxe4 4. Nxe4 Nf6 5. Ng3 h5 6. h4 Bg4 7. Be2 g6 8. Nf3 e6 9. 0-0 Be7 10. Bg5 Nbd7 11. Re1 Qc7 12. Nh2 Bxe2 13. Qxe2 Bd6 14. Qf3 Bxg3 15. fxg3 Nh7 16. Bh6 Nb6 17. Rad1 0-0-0 18. Qa3 a6 19. Bf4 Qd7 20. c4 Nxc4 21. Qc5 Nd6 22. d5 Nf5 23. Qa7 e5 24. dxc6 Qxc6 25. Bxe5 Rxd1 26. Rxd1 Qc5+ 27. Qxc5# 1-0

[Event "C'Chartres Blitz op"]
[Site "Europe Echecs INT"]
[Date "2020.11.28"]
[Round "1"]
[White "Rychener, Henri"]
[Black "Guilloud, Remi"]
[Result "1-0"]
[WhiteElo "2077"]
[BlackElo "1415"]
[PlyCount "119"]
[EventDate "2020.11.28"]
[EventType "swiss (blitz)"]
[EventRounds "11"]
[EventCountry "FRA"]
[SourceTitle "CBM 199 Extra"]
[Source "ChessBase"]
[SourceDate "2021.01.31"]
[SourceVersion "1"]
[SourceVersionDate "2021.01.31"]
[SourceQuality "1"]

1. e4 c5 2. Nf3 a6 3. c3 e6 4. d4 cxd4 5. cxd4 d6 6. Nc3 Nf6 7. Bd3 Be7 8. a4 0-0 9. 0-0 Nbd7 10. h3 Qc7 11. Bg5 b6 12. Rc1 Qa7 13. Be3 Bb7 14. d5 exd5 15. exd5 Nxd5 16. Nxd5 Bxd5 17. Bxh7+ Kxh7 18. Qxd5 Nf6 19. Qd3+ Kg8 20. a5 Bd8 21. Rc6 Qb7 22. Rxd6 Bc7 23. Rd4 bxa5 24. Rh4 Rad8 25. Bd4 Bb6 26. Qf5 Bxd4 27. Nxd4 Qb5 28. Nxb5 Rd5 29. Qc2 axb5 30. Re1 Rfd8 31. Re2 Rd1+ 32. Kh2 R1d6 33. Qf5 Rd5 34. Qf3 Rd3 35. Qb7 R3d7 36. Qxb5 Rd5 37. Qb7 R5d7 38. Qf3 Rd3 39. Re3 R3d7 40. Qf5 Rd5 41. Re5 R5d6 42. Qg5 Nh7 43. Qh5 Rh6 44. Qg4 Nf6 45. Qc4 Rxh4 46. Qxh4 Nh7 47. Rh5 g5 48. Qe4 Nf6 49. Rxg5+ Kf8 50. Qf5 Rd5 51. Qxf6 Rxg5 52. Qxg5 Ke8 53. Qe5+ Kf8 54. Qxa5 Ke8 55. Qc7 Kf8 56. b4 f5 57. b5 f4 58. b6 f3 59. b7 fxg2 60. b8Q# 1-0

[Event "Europe Echecs Blitz Nov op"]
[Site "Europe Echecs INT"]
[Date "2020.11.08"]
[Round "5"]
[White "David, Sebastien"]
[Black "Rychener, Henri"]
[Result "0-1"]
[WhiteElo "1883"]
[BlackElo "2077"]
[PlyCount "80"]
[EventDate "2020.11.08"]
[EventType "swiss (blitz)"]
[EventRounds "11"]
[EventCountry "FRA"]
[SourceTitle "CBM 199 Extra"]
[Source "ChessBase"]
[SourceDate "2021.01.31"]
[SourceVersion "1"]
[SourceVersionDate "2021.01.31"]
[SourceQuality "1"]

1. Nf3 c6 2. c4 d5 3. cxd5 cxd5 4. d4 Nc6 5. Nc3 Nf6 6. e3 a6 7. Bd3 Bg4 8. h3 Bh5 9. a3 e6 10. Bd2 Bd6 11. Rc1 Rc8 12. Qe2 0-0 13. g4 Bg6 14. Bxg6 hxg6 15. 0-0 Bb8 16. Rfd1 Qd6 17. Kg2 Ne4 18. Rh1 Rfd8 19. Ne1 b5 20. Nd3 Nxd2 21. Qxd2 e5 22. dxe5 Nxe5 23. Nxe5 Qxe5 24. Ne2 Rxc1 25. Qxc1 Re8 26. Nd4 Qe4+ 27. Kg1 Ba7 28. Qc6 Bxd4 29. exd4 Rf8 30. Qc5 Rd8 31. Rh2 Qf3 32. Rg2 Re8 33. Kh2 Qf4+ 34. Kh1 Re1+ 35. Rg1 Qf3+ 36. Kh2 Qxf2+ 37. Rg2 Qf4+ 38. Rg3 Re2+ 39. Kg1 Qxg3+ 40. Kf1 Qf2# 0-1

[Event "Europe Echecs Blitz Nov op"]
[Site "Europe Echecs INT"]
[Date "2020.11.08"]
[Round "2"]
[White "Rychener, Henri"]
[Black "Bellahcene, Bilel"]
[Result "0-1"]
[WhiteElo "2077"]
[BlackElo "2510"]
[PlyCount "28"]
[EventDate "2020.11.08"]
[EventType "swiss (blitz)"]
[EventRounds "11"]
[EventCountry "FRA"]
[SourceTitle "CBM 199 Extra"]
[Source "ChessBase"]
[SourceDate "2021.01.31"]
[SourceVersion "1"]
[SourceVersionDate "2021.01.31"]
[SourceQuality "1"]

1. e4 c5 2. Nf3 Nc6 3. c3 e5 4. d4 cxd4 5. cxd4 exd4 6. Nxd4 Bb4+ 7. Nc3 Nf6 8. Nxc6 bxc6 9. f3 0-0 10. Bc4 d5 11. Bb3 Qb6 12. Bd2 dxe4 13. Nxe4 Nxe4 14. fxe4 Qe3+ 0-1

[Event "Europe Echecs Blitz Nov op"]
[Site "Europe Echecs INT"]
[Date "2020.11.08"]
[Round "4"]
[White "Rychener, Henri"]
[Black "Shuvalova, Polina"]
[Result "0-1"]
[WhiteElo "2077"]
[BlackElo "2454"]
[PlyCount "56"]
[EventDate "2020.11.08"]
[EventType "swiss (blitz)"]
[EventRounds "11"]
[EventCountry "FRA"]
[SourceTitle "CBM 199 Extra"]
[Source "ChessBase"]
[SourceDate "2021.01.31"]
[SourceVersion "1"]
[SourceVersionDate "2021.01.31"]
[SourceQuality "1"]

1. e4 c6 2. d4 d5 3. e5 Bf5 4. h4 h5 5. Bd3 Bxd3 6. Qxd3 Qa5+ 7. c3 e6 8. a3 Ne7 9. Nf3 Nf5 10. b4 Qa6 11. Qxa6 Nxa6 12. Bg5 Nc7 13. Nbd2 a5 14. 0-0 Be7 15. g3 f6 16. Bf4 Nb5 17. Rfc1 axb4 18. axb4 Kd7 19. Rxa8 Rxa8 20. c4 Nbxd4 21. Nxd4 Nxd4 22. Kf1 Bxb4 23. cxd5 exd5 24. exf6 gxf6 25. Nb3 Nxb3 26. Rb1 Ra3 27. Bc1 Nxc1 28. Rxb4 b5 0-1

[Event "Europe Echecs online op April"]
[Site "Europe Echecs INT"]
[Date "2020.04.11"]
[Round "8"]
[White "Rychener, Henri"]
[Black "Oney, Fatmanur"]
[Result "1/2-1/2"]
[WhiteElo "2077"]
[BlackElo "1657"]
[PlyCount "119"]
[EventDate "2020.04.11"]
[EventType "swiss (blitz)"]
[EventRounds "11"]
[EventCountry "FRA"]
[SourceTitle "EXT 2021"]
[Source "ChessBase"]
[SourceDate "2020.10.23"]
[SourceVersion "1"]
[SourceVersionDate "2020.10.23"]
[SourceQuality "1"]

1. e4 c6 2. d4 d5 3. e5 Bf5 4. h4 h6 5. g4 Bd7 6. Bd3 c5 7. c3 Qc8 8. f3 Nc6 9. Ne2 c4 10. Bc2 h5 11. g5 g6 12. Nf4 Be6 13. Na3 Bg7 14. 0-0 a6 15. Nb1 Qd7 16. Nd2 Rd8 17. Re1 Bf5 18. Nf1 Bxc2 19. Qxc2 e6 20. Ng3 Nge7 21. Bd2 Rc8 22. Rab1 b5 23. Kh2 Qa7 24. Be3 Qc7 25. a3 Rd8 26. Qd2 a5 27. Ng2 a4 28. Kh1 Kd7 29. Bf4 Kc8 30. Qe3 Kb7 31. Qd2 Na5 32. Be3 Nb3 33. Qc2 Rhe8 34. Kh2 Bf8 35. Re2 Nf5 36. Nxf5 exf5 37. Bf4 Re6 38. Kh1 Qc6 39. Bh2 Be7 40. Nf4 Bf8 41. Nxe6 fxe6 42. Bg3 Be7 43. Bf2 Ra8 44. f4 Qb6 45. Be1 Qd8 46. Qd1 Qc7 47. Rg2 Qc6 48. Qf3 Rd8 49. Qd1 Rd7 50. Qf3 Bd8 51. Qd1 Bb6 52. Bf2 Ka6 53. Qe1 Qc7 54. Qe2 Qa7 55. Qd1 Rc7 56. Bg1 Rc6 57. Rc2 Rc7 58. Rg2 Rc6 59. Rc2 Rc7 60. Rg2 1/2-1/2

[Event "Geneve op 24th"]
[Site "Geneve"]
[Date "2008.01.19"]
[Round "1"]
[White "Benkovic, Petar"]
[Black "Rychener, Henri"]
[Result "1-0"]
[WhiteElo "2448"]
[BlackElo "2056"]
[PlyCount "51"]
[EventDate "2008.01.19"]
[EventType "swiss"]
[EventRounds "9"]
[EventCountry "SUI"]
[SourceTitle "CBM 122 Extra"]
[Source "ChessBase"]
[SourceDate "2008.03.04"]
[SourceVersion "1"]
[SourceVersionDate "2008.03.04"]
[SourceQuality "1"]

1. d4 c6 2. c4 d5 3. Nf3 Nf6 4. Nbd2 e6 5. Qc2 Be7 6. g3 0-0 7. Bg2 Nbd7 8. 0-0 c5 9. cxd5 exd5 10. b3 b6 11. Bb2 Bb7 12. Rac1 Rc8 13. Qb1 Re8 14. Rfd1 Bf8 15. e3 cxd4 16. Nxd4 Rxc1 17. Rxc1 Nc5 18. N2f3 Nfe4 19. Ba1 Qd7 20. Rd1 g6 21. Ne2 f6 22. Nf4 Rd8 23. Bh3 Qe7 24. b4 Na4 25. Qc2 Qxb4 26. Rd4 1-0